Culture Générale - Série 1473 - Statistiques

Statistiques générales
  • Ce quiz a été pris 119 fois
  • Le résultat moyen est 7 sur 10
Statistiques - réponses
Question Réponse % Correct
Quel mot rimant avec lavande désigne la bande de papier découpé servant à décorer le sapin de Noël ? guirlande
92%
Quel nom de famille est commun au septuple vainqueur du Tour de France, et au premier homme ayant marché sur la Lune ? Armstrong
90%
Au cours de quelle année, le mur de Berlin a-t-il été érigé ? 1961
84%
De quelle langue est originaire le mot "apparatchik" ? russe
84%
Quelle hormone, produite par le pancréas, diminue le taux de glucose dans le sang ? insuline
78%
Quel célèbre clown, prénommé Achille, a donné son nom à un cirque en 1978 ? Zavatta
74%
Dans quelle ville suisse, siège du C.I.O., pouvez-vous visiter le musée Olympique ? Lausanne
56%
Quel avocat français, né au Cambodge en 1925, a pris la défense du jardinier Omar Raddad dans un très médiatique procès des années 1990 ? Jacques Vergès
45%
Dans quel État des États-Unis la ville de Baltimore est-elle située ? Maryland
33%
En 1986, quel groupe a interprété la chanson : "Take My Breath Away", pour le film "Top Gun" ? Berlin
19%
Aucun quiz correspondant
Distribution des résultats
% des personnes avec chaque résultat
Percentile par nombre de réponses
Votre historique - résultats
Vous n’avez pas pris ce quiz